| 000 | 00701nam a2200229 a 4500 | ||
|---|---|---|---|
| 001 | BRL_1806 | ||
| 005 | 20190320211357.0 | ||
| 008 | 040815s1964----mx-a######---#000-0#spa-# | ||
| 041 | _aspa | ||
| 044 | _amx | ||
| 050 | 4 |
_aQK99.M4 _b.M38 1964 |
|
| 100 | 1 |
_aMatzayani Luna, Xochitl _927915 |
|
| 245 | 1 | 0 |
_aPlantas medicinales mexicanas _cXochitl Matzayani Luna. |
| 260 |
_aMéxico _bInstituto Federal de Capacitación del Magisterio ; SEP _c1964 |
||
| 300 |
_a139 p. _bil. _c16 cm. |
||
| 440 | 0 |
_aTécnica y ciencia _v23 _927916 |
|
| 500 | _aAu2032 | ||
| 500 | _aEstado físico: Tiene rasgada la parte superior del lomo. | ||
| 650 | 1 | 4 |
_aBotánica _zMéxico _923646 |
| 902 | _aGRL | ||
| 942 |
_2lcc _cB |
||
| 999 |
_c10614 _d10614 |
||